Normal view
MARC view
- الفقه المالكي
Entry Topical Term
001 - CONTROL NUMBER
- control field: 43700
003 - CONTROL NUMBER IDENTIFIER
- control field: JO-AjAnu
005 - DATE AND TIME OF LATEST TRANSACTION
- control field: 20230606081236.0
008 - FIXED-LENGTH DATA ELEMENTS
- fixed length control field: 230606|| aca||aabn | a|a d
040 ## - CATALOGING SOURCE
- Original cataloging agency: JO-AjAnu
- Transcribing agency: JO-AjAnu
150 ## - HEADING--TOPICAL TERM
- Topical term or geographic name entry element: الفقه المالكي
670 ## - SOURCE DATA FOUND
- Source citation: Work cat.: (JO-AjAnu)22373: وزارة الاوقاف والشئون والمقدسات الاسلامية, author 43699, فهرس شرح الزرقاني على مختصر خليل في الفقه المالكي